000 00280nam a2200109Ia 4500
008 210107s9999 xx 000 0 und d
100 _aUNESCO
245 0 _aWorld guide to technical information and documentation services
260 _aParis
_bUNESCO
300 _a285
942 _cBK
999 _c11299
_d11299